लोड हो रहा है...

LOKALOKAM

ग्रंथसूची विवरण
मुख्य लेखक: RAJARAJA VARMA,M
स्वरूप: Printed Book
प्रकाशित: T B.V. BOOK DEPOT 1114
विषय:
LEADER 00429nam a2200169 4500
020
082 |a 909 RAJ 
100 |a RAJARAJA VARMA,M. 
245 |a LOKALOKAM  |h MALAYALAM 
250
260 |a T  |b B.V. BOOK DEPOT  |c 1114 
300 |a 317 p  |f PB 
650 |a LOKALOKAM 
700
942 |c TB 
999 |c 152102  |d 152102 
952 |0 0  |1 0  |4 0  |6 909_000000000000000_RAJ  |7 0  |9 165560  |a ORI  |b ORI  |l 0  |o 909 RAJ  |p ORI381  |r 2019-10-25  |w 2019-10-25  |y TB